Tratado práctico de las enfermedades de la vejez / (Record no. 53274)

MARC details
000 -LEADER
campo de control de longitud fija 00569nam a22001815i 4500
001 - NÚMERO DE CONTROL
campo de control 53274
003 - IDENTIFICADOR DE NÚMERO DE CONTROL
campo de control ES-MaACL
007 - CAMPO FIJO DE DESCRIPCIÓN FÍSICA--INFORMACIÓN GENERAL
campo de control de longitud fija t|
008 - DATOS DE LONGITUD FIJA--INFORMACIÓN GENERAL
campo de control de longitud fija 950912s1896 sp ||||1| spa d
040 ## - FUENTE DE CATALOGACIÓN
Centro catalogador/agencia de origen CAM
Lengua de catalogación spa
Centro/agencia transcriptor CAM
100 1# - ENTRADA PRINCIPAL--NOMBRE DE PERSONA
Nombre de persona Durand-Fardel, Max.
9 (RLIN) 46266
245 10 - MENCIÓN DEL TÍTULO
Título Tratado práctico de las enfermedades de la vejez /
Mención de responsabilidad, etc. por M. Durand-Fardel; traducido por Gerardo Díaz y Pedraza.
250 ## - MENCION DE EDICION
Mención de edición 2ª ed.
260 ## - PUBLICACIÓN, DISTRIBUCIÓN, ETC.
Lugar de publicación, distribución, etc. Madrid :
Nombre del editor, distribuidor, etc. Bailly-Baillière,
Fecha de publicación, distribución, etc. 1896.
300 ## - DESCRIPCIÓN FÍSICA
Extensión LXII, 903 p. ;
Dimensiones 24 cm.
700 1# - ENTRADA AGREGADA--NOMBRE PERSONAL
Nombre de persona Díaz y Pedraza, Gerardo.
9 (RLIN) 44466
852 ## - LOCALIZACIÓN
Ubicación ES-MaACL
Número de control de estantería G-13831
Holdings
Estatus retirado Estado de pérdida Estado de daño No para préstamo Colección Biblioteca de origen Biblioteca actual Ubicación en estantería Fecha de adquisición Fuente de adquisición Total de préstamos Signatura topográfica completa Código de barras Visto por última vez Precio de reemplazo Tipo de ítem Koha
        Libros del s. XIX Biblioteca del Ateneo de Madrid Biblioteca del Ateneo de Madrid Sala Pecera Planta 3 17/01/2008     G-13831 1055978 23/02/2023 23/02/2023 Libro impreso antiguo